| 000 | 00477nam a2200193Ia 4500 | ||
|---|---|---|---|
| 005 | 20250423100546.0 | ||
| 008 | 250422s9999 xx 000 0 und d | ||
| 020 | _a8170964679 | ||
| 050 | _aJX 1391 .M6/ | ||
| 100 | _aMorgenthau, Hans J. | ||
| 245 | 0 | _aPolitics among nations : the struggle for power and peace | |
| 250 | _a6th ed. | ||
| 260 | _aNew York | ||
| 260 | _bKnopf | ||
| 260 | _c1978 | ||
| 300 | _a688 p | ||
| 650 | _aInternational relations. | ||
| 942 | _cBK | ||
| 999 |
_c33673 _d33673 |
||